[Event "Valencia Autonomico Norte-B"]
[Site "Valencia"]
[Date "2009.01.31"]
[Round "4.1"]
[White "Malo Quiros, Miguel Angel"]
[Black "Lamparero Arroyo, Miguel Angel"]
[Result "1-0"]
[WhiteElo "2244"]
[BlackElo "2069"]
[PlyCount "53"]
[EventDate "2009.01.10"]
[EventType "team-tourn"]
[EventRounds "5"]
[EventCountry "ESP"]
[SourceTitle "EXT 2011"]
[Source "ChessBase"]
[SourceDate "2010.11.26"]
[SourceVersion "1"]
[SourceVersionDate "2010.11.26"]
[SourceQuality "1"]

1. e4 e5 2. Bc4 Nc6 3. Nf3 Bc5 4. d3 d6 5. c3 Nf6 6. 0-0 0-0 7. Bg5 h6 8. Bh4 Be6 9. Bb5 g5 10. Bg3 Ne7 11. d4 exd4 12. cxd4 Bb6 13. Nc3 d5 14. exd5 Nfxd5 15. Ne5 Nf5 16. Ne2 c6 17. Ba4 Nde7 18. Bc2 Nxd4 19. Nxd4 Qxd4 20. Qh5 Kg7 21. h4 f6 22. hxg5 fxg5 23. Nf3 Bg4 24. Qh2 Qe5 25. Bxe5+ Kf7 26. Bb3+ Nd5 27. Bd6 1-0

[Event "Valencia Autonomico Norte-B"]
[Site "Valencia"]
[Date "2009.01.20"]
[Round "3.1"]
[White "Nieto Tornero, Jose"]
[Black "Malo Quiros, Miguel Angel"]
[Result "1-0"]
[WhiteElo "1998"]
[BlackElo "2244"]
[PlyCount "119"]
[EventDate "2009.01.10"]
[EventType "team-tourn"]
[EventRounds "5"]
[EventCountry "ESP"]
[SourceTitle "EXT 2011"]
[Source "ChessBase"]
[SourceDate "2010.11.26"]
[SourceVersion "1"]
[SourceVersionDate "2010.11.26"]
[SourceQuality "1"]

1. e4 e6 2. d4 d5 3. Nd2 Nf6 4. e5 Nfd7 5. Bd3 c5 6. c3 Nc6 7. Ne2 cxd4 8. cxd4 f6 9. exf6 Nxf6 10. Nf3 Bd6 11. 0-0 Qc7 12. Bg5 0-0 13. Bh4 Nh5 14. Qc2 h6 15. Bg6 Nf4 16. Nxf4 Bxf4 17. Rfe1 Bd7 18. Rad1 Rac8 19. Bg3 Qb6 20. Qe2 Bxg3 21. hxg3 Rf6 22. Bb1 Be8 23. g4 g5 24. b3 Rc7 25. Qe3 Rcf7 26. Ne5 Nxe5 27. Qxe5 Qc7 28. Rc1 Bc6 29. Qxc7 Rxc7 30. f3 Kf7 31. Kf2 Ke7 32. Re5 Kd6 33. Rc5 Rcf7 34. Bd3 Rg6 35. Ke3 Rf4 36. b4 a6 37. Rc1 Rgf6 38. Rf1 Rxd4 39. Kxd4 Rf4+ 40. Be4 dxe4 41. g3 Rf7 42. f4 gxf4 43. gxf4 Bb5 44. Rf2 Bd3 45. f5 exf5 46. Rexf5 Re7 47. Rf6+ Kd7 48. Ke3 Re5 49. R2f5 Re8 50. Rxh6 Rg8 51. g5 Rg7 52. Rd5+ Kc7 53. Rc5+ Kb8 54. g6 Ka7 55. Rg5 Bc4 56. Rh7 Rg8 57. g7 Re8 58. Rh8 Bg8 59. Rxg8 Rxg8 60. Kxe4 1-0

[Event "Mancha Real op 3rd"]
[Site "Mancha Real"]
[Date "2000.07.27"]
[Round "9"]
[White "Manzaneda Avila, Pedro"]
[Black "Malo Quiros, Miguel Angel"]
[Result "0-1"]
[WhiteElo "2099"]
[BlackElo "2227"]
[PlyCount "108"]
[EventDate "2000.07.17"]
[EventType "swiss"]
[EventRounds "9"]
[EventCountry "ESP"]
[SourceTitle "EXT 2001"]
[Source "ChessBase"]
[SourceDate "2000.11.22"]
[SourceVersion "1"]
[SourceVersionDate "2000.11.22"]
[SourceQuality "1"]

1. e4 c5 2. d4 e6 3. Nf3 d5 4. dxc5 Bxc5 5. exd5 exd5 6. Bb5+ Nc6 7. 0-0 Nge7 8. Nc3 0-0 9. a3 Bg4 10. Be2 Bd6 11. Nd4 Bxe2 12. Ndxe2 Qd7 13. Bf4 Bxf4 14. Nxf4 d4 15. Nce2 Rfd8 16. Nd3 Rac8 17. Qd2 Nd5 18. Rfd1 Qf5 19. Nef4 Nb6 20. Qe2 Nc4 21. Qh5 Qf6 22. Nd5 Qg6 23. Qxg6 hxg6 24. N5f4 g5 25. Ne2 Rc7 26. Kf1 g4 27. b4 Rd5 28. Nc5 b6 29. Nb3 Rcd7 30. Rd3 N4e5 31. Rd2 a6 32. Nf4 R5d6 33. Nd3 Nc4 34. Re2 Re6 35. a4 Rd5 36. Rae1 Rxe2 37. Rxe2 Kf8 38. Nd2 Na3 39. Nb3 Rd6 40. Re4 f5 41. Re2 g6 42. Nbc1 Kf7 43. Na2 Kf6 44. Ke1 g5 45. f3 gxf3 46. gxf3 Re6 47. Rxe6+ Kxe6 48. Kd2 Nc4+ 49. Kc1 f4 50. h3 N6e5 51. Ne1 Kd5 52. a5 b5 53. Kd1 Ne3+ 54. Kd2 Kc4 0-1

[Event "Mancha Real op 3rd"]
[Site "Mancha Real"]
[Date "2000.07.26"]
[Round "8"]
[White "Malo Quiros, Miguel Angel"]
[Black "Valero de Dios, Juan Jose"]
[Result "1-0"]
[WhiteElo "2227"]
[BlackElo "2165"]
[PlyCount "61"]
[EventDate "2000.07.17"]
[EventType "swiss"]
[EventRounds "9"]
[EventCountry "ESP"]
[SourceTitle "EXT 2001"]
[Source "ChessBase"]
[SourceDate "2000.11.22"]
[SourceVersion "1"]
[SourceVersionDate "2000.11.22"]
[SourceQuality "1"]

1. e4 e5 2. Nf3 Nc6 3. Bc4 Bc5 4. c3 Nf6 5. d4 exd4 6. cxd4 Bb4+ 7. Nc3 Nxe4 8. 0-0 Bxc3 9. d5 Ne7 10. bxc3 0-0 11. Qd4 Nf6 12. Bg5 Ng6 13. Rfe1 d6 14. Rab1 h6 15. Bd2 c6 16. dxc6 bxc6 17. Bd3 c5 18. Qa4 Ne5 19. Nxe5 dxe5 20. Qc2 Re8 21. Be3 e4 22. Bb5 Re5 23. Bc6 Bf5 24. Bxa8 Qxa8 25. Bf4 e3 26. Bxe5 Bxc2 27. Rb8+ Qxb8 28. Bxb8 exf2+ 29. Kxf2 Nd5 30. Bxa7 Nxc3 31. Rc1 1-0

[Event "Mancha Real-A 2nd"]
[Site "Mancha Real"]
[Date "1999.??.??"]
[Round "1"]
[White "Glavina, Pablo"]
[Black "Malo Quiros, Miguel Angel"]
[Result "1/2-1/2"]
[WhiteElo "2425"]
[BlackElo "2215"]
[PlyCount "33"]
[EventDate "1999.??.??"]
[EventType "tourn"]
[EventRounds "9"]
[EventCountry "ESP"]
[EventCategory "5"]
[SourceTitle "EXT 2000"]
[Source "ChessBase"]
[SourceDate "1999.11.16"]
[SourceVersion "1"]
[SourceVersionDate "1999.11.16"]
[SourceQuality "1"]

1. d4 f5 2. h3 e6 3. g4 d5 4. c4 c6 5. Nc3 Nf6 6. Nf3 Bd6 7. gxf5 exf5 8. cxd5 cxd5 9. Bg5 0-0 10. Bg2 Kh8 11. Qb3 Nc6 12. Kf1 Be6 13. Rd1 Na5 14. Qc2 Rc8 15. Ne5 b5 16. Qb1 Bb4 17. Bxf6 1/2-1/2

[Event "Mancha Real-A 2nd"]
[Site "Mancha Real"]
[Date "1999.??.??"]
[Round "2"]
[White "Malo Quiros, Miguel Angel"]
[Black "Garcia Martinez, Silvino"]
[Result "0-1"]
[WhiteElo "2215"]
[BlackElo "2445"]
[PlyCount "85"]
[EventDate "1999.??.??"]
[EventType "tourn"]
[EventRounds "9"]
[EventCountry "ESP"]
[EventCategory "5"]
[SourceTitle "EXT 2000"]
[Source "ChessBase"]
[SourceDate "1999.11.16"]
[SourceVersion "1"]
[SourceVersionDate "1999.11.16"]
[SourceQuality "1"]

1. e4 c5 2. Nf3 d6 3. d4 cxd4 4. Nxd4 Nf6 5. Nc3 a6 6. Bc4 e6 7. Bb3 b5 8. 0-0 Bb7 9. Re1 Nbd7 10. Bxe6 fxe6 11. Nxe6 Qb8 12. Nd5 Kf7 13. Ng5+ Kg8 14. Qf3 Bxd5 15. exd5 Qb7 16. Qh3 Qxd5 17. Bf4 h6 18. Ne6 Re8 19. Nc7 Rxe1+ 20. Rxe1 Qc4 21. Ne6 Qxc2 22. f3 d5 23. Rc1 Qd3 24. Rc3 Qb1+ 25. Rc1 Qd3 26. Rc3 Qe2 27. Re3 Qc2 28. Rc3 Qxb2 29. Rc1 Bd6 30. Qf5 Bxf4 31. Rc8+ Kf7 32. Nxf4 Qd4+ 33. Kf1 Qxf4 34. Qxf4 Rxc8 35. h4 Rc4 36. Qd6 Rc1+ 37. Kf2 Rc2+ 38. Kg1 Rxa2 39. g4 g5 40. f4 Ra4 41. hxg5 hxg5 42. f5 Rxg4+ 43. Kh1 0-1

[Event "Mancha Real-A 2nd"]
[Site "Mancha Real"]
[Date "1999.??.??"]
[Round "8"]
[White "Mellado Trivino, Juan"]
[Black "Malo Quiros, Miguel Angel"]
[Result "1-0"]
[WhiteElo "2475"]
[BlackElo "2215"]
[PlyCount "45"]
[EventDate "1999.??.??"]
[EventType "tourn"]
[EventRounds "9"]
[EventCountry "ESP"]
[EventCategory "5"]
[SourceTitle "EXT 2000"]
[Source "ChessBase"]
[SourceDate "1999.11.16"]
[SourceVersion "1"]
[SourceVersionDate "1999.11.16"]
[SourceQuality "1"]

1. e4 e5 2. Nf3 Nc6 3. d4 exd4 4. Nxd4 Nf6 5. Nxc6 bxc6 6. e5 Qe7 7. Qe2 Nd5 8. c4 Ba6 9. Nd2 0-0-0 10. Qe4 Nb6 11. f4 f6 12. b3 fxe5 13. fxe5 d6 14. Bb2 Nd7 15. c5 Bxf1 16. cxd6 cxd6 17. Qxc6+ Kb8 18. Rxf1 Nb6 19. Nc4 Rc8 20. Qxd6+ Qxd6 21. Nxd6 Bxd6 22. exd6 Rc2 23. Rf2 1-0

[Event "Jaen-ch"]
[Site "Linares"]
[Date "1997.??.??"]
[Round "6"]
[White "Galvez Extremera, Francisco"]
[Black "Malo Quiros, Miguel Angel"]
[Result "0-1"]
[WhiteElo "2160"]
[BlackElo "2175"]
[PlyCount "125"]
[EventDate "1997.12.??"]
[EventType "swiss"]
[EventRounds "7"]
[EventCountry "ESP"]
[SourceTitle "EXT 2000"]
[Source "ChessBase"]
[SourceDate "1999.11.16"]
[SourceVersion "1"]
[SourceVersionDate "1999.11.16"]
[SourceQuality "1"]

1. e4 e5 2. Nf3 d6 3. d4 Nd7 4. Nc3 Be7 5. Be3 Ngf6 6. h3 c6 7. a4 0-0 8. Be2 Re8 9. 0-0 Bf8 10. dxe5 dxe5 11. Bc4 Qa5 12. Qe2 Nc5 13. Bg5 Nfd7 14. Bd2 Qd8 15. Ng5 Ne6 16. Qh5 Nf6 17. Qxf7+ Kh8 18. Bxe6 Bxe6 19. Nxe6 Qxd2 20. Nxf8 Rxf8 21. Qb3 b6 22. Rad1 Qg5 23. Rd3 Nh5 24. Rfd1 Qh4 25. R1d2 Rae8 26. Qc4 Qg5 27. Qxc6 Nf4 28. Rg3 Nxh3+ 29. Rxh3 Qxd2 30. Rf3 h6 31. Nd5 Rc8 32. Rxf8+ Rxf8 33. f3 Qe1+ 34. Kh2 Qh4+ 35. Kg1 Qg5 36. Qc3 h5 37. Qa3 Rf7 38. Qc3 h4 39. Qc8+ Kh7 40. Qh3 Qc1+ 41. Kh2 Qg5 42. b4 Qh6 43. c3 Qg5 44. Kh1 Qc1+ 45. Kh2 Qg5 46. c4 Rf8 47. c5 bxc5 48. bxc5 Qg3+ 49. Qxg3 hxg3+ 50. Kxg3 Rc8 51. Kg4 g6 52. Kg5 Kg7 53. Ne7 Rxc5 54. Nxg6 Ra5 55. g4 Rxa4 56. Nxe5 Ra5 57. Kf5 Rc5 58. Ke6 a5 59. f4 a4 60. Nd7 Rc6+ 61. Kd5 Rc1 62. f5 a3 63. Ke6 0-1

[Event "Jaen-ch"]
[Site "Linares"]
[Date "1997.??.??"]
[Round "3"]
[White "Malo Quiros, Miguel Angel"]
[Black "Pina, F."]
[Result "1-0"]
[WhiteElo "2175"]
[BlackElo "1805"]
[PlyCount "61"]
[EventDate "1997.12.??"]
[EventType "swiss"]
[EventRounds "7"]
[EventCountry "ESP"]
[SourceTitle "EXT 2000"]
[Source "ChessBase"]
[SourceDate "1999.11.16"]
[SourceVersion "1"]
[SourceVersionDate "1999.11.16"]
[SourceQuality "1"]

1. e4 c5 2. Nf3 d6 3. d4 cxd4 4. Nxd4 Nf6 5. Nc3 a6 6. Bc4 e6 7. Bb3 Be7 8. Be3 Qc7 9. Qe2 Nc6 10. 0-0-0 b5 11. Nxc6 Qxc6 12. g4 Nxe4 13. Nd5 Nc5 14. Bxc5 Qxc5 15. Rhe1 Bh4 16. Nc3 Qxf2 17. Qe4 Qa7 18. Qc6+ Bd7 19. Qxd6 Bxe1 20. Rxe1 Qf2 21. Rd1 Qa7 22. Kb1 Rc8 23. Ne4 Qc7 24. Qd4 Rf8 25. Qxg7 Qf4 26. Nf6+ Qxf6 27. Qxf6 a5 28. Qd4 Rd8 29. a4 b4 30. Bc4 Ke7 31. Bb5 1-0